00800nam a22002177a 4500008004100000040001800041041000800059100002100067245008700088250001100175260004900186300001700235500014000252600004000392600007600432650001300508650001900521650001700540650000900557650001600566130821s1931 it gr ita  aCo-BoUCMbspa00aita aBillot, Ludovico03aDeecclesiae sacramentisbcommentarius in tetiam paterna S. ThomaecLudovico Billot a7a. ed aRoma (Italia)b[Editorial desconocida]c1931 av. 1 (658 p) aA este tomo le hacen falta las primeras 16 páginas. -- Incluye índice. -- Este libro se encuentra en el depósito de la biblioteca aTomás de AquinocSantod1225-1274 aTomás de AquinocSantod1225-1274xCrítica e interpretación, etc.04aBautismo04aConfirmación04aEucaristía04aMisa04aSacramentos